00618nam a22001697a 450000500170000000800410001702000180005804000120007604100080008804400070009624500690010326001250017230000240029765000380032165000350035965000540039420141222144059.0141217b2013 ck Il. |r|||| 00| 0 spa d a9789585763142 cCO-BoIH aspa ack aGuía Comunitaria para la Gestión del Riesgo de Desastres b  aBogotá D.C :bPresidencia de la República, bUnidad Nacional para la Gestión del Riesgo de Desastres-NGRD, c2013. a80 pagbil.c28 cm. aDesastres naturalesxPrevención aGestión del riesgovGuías. aEvaluación de riesgos ambientalesxPrevención